| 000 | 00370nam a2200169Ia 4500 | ||
|---|---|---|---|
| 008 | 221030s9999 xx 000 0 und d | ||
| 020 | _a8120309448 | ||
| 082 | _a105.23 | ||
| 100 | _aD. Hearn | ||
| 245 | 0 | _aComputer Graphics | |
| 250 | _a2nd | ||
| 260 |
_bPHI _aNew Delhi _c2007 |
||
| 300 | _a652 | ||
| 650 | _aComputers | ||
| 700 | _aM. P. Baker | ||
| 942 |
_cBK _2ddc |
||
| 999 |
_c4522 _d4522 |
||